Victoria 2 Ethnicities: The Americas - Statistics

General Stats
  • This quiz has been taken 51 times
  • The average score is 14 of 36
Answer Stats
Answer % Correct
Mexican
74%
Cherokee
69%
Brazillian
64%
Inuit
64%
Yankee
62%
Navajo
60%
Dixie
57%
Mayan
57%
Quechua
55%
Cree
52%
Afro American
48%
French Canadian
48%
Guarani
48%
Afro Caribbean
45%
Amazonian
45%
Central American
43%
Dakota
43%
Texan
40%
Anglo Canadian
38%
Pueblo
38%
Afro Brazillian
36%
Nahua
36%
Metis
33%
Native American Minor
33%
North Andean
29%
Platinean
29%
Patagonian
26%
South Andean
26%
Afro Antillean
17%
Zapotec
17%
Aimara
14%
Afro Caribeno
12%
Caribeno
12%
Tarascan
5%
Tupinamba
5%
Guajiro
2%
No matching quizzes found
Score Distribution
Percent of People with Each Score
Percentile by Number Answered
Your Score History
You have not taken this quiz